Ťažisko práce interného auditu

Interný audit nie je kontrola. Pracovný rámec interného auditu. Stanovenie úloh, cieľov v organizácii a interný audit. Externý audit. Pozícia manažmentu. Slovenský inštitút interných audítorov založený v r . 1997 v Bratislave - SIIA.

Guardado en:
Detalles Bibliográficos
Autor principal: Oberhauser, Ján Artur
Formato: Capítulo de libro
Lenguaje:eslovaco
Materias:
Etiquetas: Agregar Etiqueta
Sin Etiquetas, Sea el primero en etiquetar este registro!

MARC

LEADER 00000naa a2200000 4500
001 r033628
005 20230929092743.6
041 0 |a slo 
044 |a SK 
245 1 0 |a Ťažisko práce interného auditu  |c Ján Artur Oberhauser 
520 |a Interný audit nie je kontrola. Pracovný rámec interného auditu. Stanovenie úloh, cieľov v organizácii a interný audit. Externý audit. Pozícia manažmentu. Slovenský inštitút interných audítorov založený v r . 1997 v Bratislave - SIIA. 
610 2 0 |a audit 
610 2 0 |a kontrola vnútorná 
610 2 0 |a audítori 
610 2 0 |a manažment 
610 2 0 |a normy 
610 2 0 |a Slovensko 
610 2 0 |a Slovenský inštitút interných audítorov Bratislava 
100 1 |a Oberhauser, Ján Artur